| 000 | 00561nam a2200181Ia 4500 | ||
|---|---|---|---|
| 008 | 220216s9999 xx 000 0 und d | ||
| 100 | _aAlvaro-Fuentes J | ||
| 245 | 0 | _aPotential soil carbon sequestration in a semiarid mediterranean agroecosystem under climate change: Quantifying management and climate effects | |
| 260 |
_bPlant and Soil _c2011 |
||
| 300 | _a261-272 | ||
| 650 | _aClimate change | ||
| 650 | _aMediterranean systems | ||
| 650 | _aModeling | ||
| 650 | _aSoil organic carbon | ||
| 650 | _aTillage | ||
| 700 | _aPaustian K | ||
| 942 | _cJS | ||
| 999 |
_c65397 _d65397 |
||